Countries in World War II - Statistics

General Stats
  • This quiz has been taken 916,731 times
    649,427 since last reset
  • The average score is 16 of 24
Answer Stats
Deaths Country % Correct
5,318,000 Germany
99%
407,300 United States
97%
210,000 France
96%
383,700 United Kingdom
96%
11,400,000 Soviet Union
95%
2,300,000 Japan
94%
341,000 Italy
92%
240,000 Poland
89%
3,750,000 China
87%
42,000 Canada
74%
12,000 Belgium
72%
18,200 Netherlands
68%
39,700 Australia
65%
35,100 Greece
63%
200,000 Hungary
61%
95,000 Finland
59%
300,000 Romania
56%
18,500 Bulgaria
48%
446,000 Yugoslavia
46%
11,700 New Zealand
45%
34,000 Estonia
30%
30,000 Latvia
30%
25,000 Lithuania
30%
11,900 South Africa
27%
No matching quizzes found
Score Distribution
Percent of People with Each Score
Percentile by Number Answered
Your Score History
You have not taken this quiz since the last reset